Films de Chistopher Nolan en images - Statistics

General Stats
  • This quiz has been taken 42 times
  • The average score is 6 of 12
Answer Stats
Picture Answer % Correct
oppenheimer
97%
inception
89%
the dark knight
89%
interstellar
83%
tenet
69%
memento
66%
dunkerque
57%
the prestige
34%
insomnia
23%
the doll's breath
3%
quay
0%
transcendance
0%
No matching quizzes found
Score Distribution
Percent of People with Each Score
Percentile by Number Answered
Your Score History
You have not taken this quiz